Hodinové stroje ... učebný text pre 2. ročník odborných učilíšť a učňovských škôl, učebný odbor 0463, hodinár 2

Bibliographic Details
Main Author: Bureš, Josef (autor učebníc) (Author)
Other Authors: Janeková, Milica (Translator)
Format: Book
Language:Slovak
Czech
PhysicalDescription:159, [1] s. obr., tab. 4°
Published: Bratislava Alfa 1972
Series:Edícia strojárskej literatúry
Subjects:

MARC

LEADER 00000cam a2200000 a 4500
001 vtls008320010
003 SK-MaSNL
005 20260311143023.0
008 251104s1972 xo da d 00 0 slo
015 |a SNBA1972/05-01211 
035 |a SK01SNK19720012227 
035 |a SKM000014690 
040 |a SNK  |b slo  |c SNK  |e AACR2 
041 1 |a slo  |h cze 
044 |a xo  |c SK 
080 |a 681.11.03(075.3)  |2 2001 
100 1 |a Bureš, Josef  |c (autor učebníc)  |4 aut  |9 1634671 
240 1 0 |a Hodinové stroje pro 2. roč. OU a UŠ  |l Slovensky 
245 1 0 |a Hodinové stroje  |n 2  |b ... učebný text pre 2. ročník odborných učilíšť a učňovských škôl, učebný odbor 0463, hodinár  |c Josef Bureš ; z čes. orig. Hodinové stroje pro 2. roč. OU a UŠ ... prel. Milica Janeková 
260 |a Bratislava  |b Alfa  |c 1972  |e Bratislava  |f Západoslovenské tlačiarne 
300 |a 159, [1] s.  |b obr., tab.  |c 4° 
366 |e 400 výtl. 
490 1 |a Edícia strojárskej literatúry 
504 |a Literatúra s. 159 
650 0 7 |a hodinové stroje  |2 SVKBBPH  |9 307449 
650 0 7 |a hodiny  |2 SVKBBPH  |9 29684 
655 7 |a učebnice učňovských škôl  |2 SNKPH  |9 166734 
700 1 |a Janeková, Milica  |4 trl  |9 213381 
730 |a Hodinové stroje pro 2. roč. OU a UŠ  |9 642659 
830 0 |a Edícia strojárskej literatúry  |9 266612 
852 |a Štátna vedecká knižnica v Banskej Bystrici 
958 |a OND 
958 |a RM 
958 |a RK 
958 |a UC 
958 |a OP 
958 |a CZ 
958 |a NB 
999 |c 992856  |d 994786 
952 |a SNK  |b SNK  |y PREZ  |7 0  |p 17A0890056  |o snkSB 18098/2  |i snkKSP 4320/72  |0 0  |1 0  |4 0  |d 2015-04-07  |l 0  |r 2025-03-20 00:00:00  |w 2026-02-24 
952 |a SNK  |b SNK  |y VYP  |7 0  |o snkSB 18098/2 D1  |i snkKSP 4321/72  |0 0  |1 0  |4 0  |d 2015-04-07  |l 0  |r 2026-02-24 11:54:45  |w 2026-02-24